• 首页
  • 本馆介绍
  • 公告通知
  • 最新文献
  • 馆藏检索
  • 电子资源
  • 读者导购
  • 参考咨询
  • 我的图书馆
  • 登录
  • 详细信息显示
  • 放入我的书架
  • 预约/预借图书
  • 作者相关作品
  • 分类相关作品
  • 丛书相关作品
  • 出版社相关作品

书目信息

  • 表格格式
  • 工作单格式
  • 卡片格式
题名:
内外线电工工艺学
    
 
作者: 范镇 编
分册:  
出版信息: 北京   科学普及出版社  1984
页数: 322页
开本: 25cm
丛书名:
单 册:
中图分类: TM , TM727.3
科图分类:
主题词: 电工--工艺学--教材 , 输电技术 , 配电系统--技术
电子资源:
ISBN:
000 00788nam0 2200289 45
001 0184016594
005 20040521085853.9
010    @dCNY2.35
091    @a15051.1102
100    @a19950526d1984 em y0chiy0121 ea
101 0  @achi
102    @aCN@b110000
105    @ay z 000yy
106    @ar
200 10 @a内外线电工工艺学@Anei wai xian dian gong gong yi xue@e中级本@f范镇编
210    @a北京@c科学普及出版社@d1984
215    @a322页@d25cm
300    @a中华人民共和国机械工业部统编机械工人技术培训教材
606    @a电工@x工艺学@x教材
606 0  @a输电技术
606 0  @a配电系统@x技术
690    @aTM@v3
690    @aTM727.3
701  0 @a范镇@Afan zhen@4编
801  0 @aCN@b上海图书馆@c20040521
801  2 @aCN@bNLC@c20040521
905    @f4@b118704-707@dTM727.3@e12
    
    内外线电工工艺学:中级本/范镇编.-北京:科学普及出版社,1984
    322页;25cm
    中华人民共和国机械工业部统编机械工人技术培训教材
    
    ISBN :CNY2.35
    
●
相关链接 在E读中查询图书 在五车中查询图书 在当当中查询图书 在豆瓣中查询图书


正题名:内外线电工工艺学     索取号:TM727.3/12         预约/预借

序号 登录号 条形码 馆藏地/架位号 状态 备注
1 0118704   001345333   第三借阅区/ [索取号:TM727.3/12] 在馆    
2 0118705   001345379   密集书库/ [索取号:TM727.3/12] 在馆    
3 0118706   001354698   密集书库/ [索取号:TM727.3/12] 在馆    
4 0118707   001345299   密集书库/ [索取号:TM727.3/12] 在馆    
5 0118708   202099790   第二样本阅览室/ [索取号:TM727.3/12] 在馆    
唐山师范学院图书馆 欢迎您!
大连网信软件有限公司© 版权所有